La caverna de la Peña de Candamo, en la cuenca del Nalón (Asturias) / (Record no. 73684)

MARC details
000 -LEADER
campo de control de longitud fija 00983nam a2200241 i 4500
001 - NÚMERO DE CONTROL
campo de control 73684
003 - IDENTIFICADOR DE NÚMERO DE CONTROL
campo de control ES-MaACL
005 - FECHA Y HORA DE LA ÚLTIMA TRANSACCIÓN
campo de control 20250829123618.0
007 - CAMPO FIJO DE DESCRIPCIÓN FÍSICA--INFORMACIÓN GENERAL
campo de control de longitud fija t|
008 - DATOS DE LONGITUD FIJA--INFORMACIÓN GENERAL
campo de control de longitud fija 040909s1979 sp ||||1| spa d
100 0# - ENTRADA PRINCIPAL--NOMBRE DE PERSONA
Nombre de persona Gómez-Tabanera, José Manuel,
Fechas asociadas al nombre 1926-2011
9 (RLIN) 58165
245 13 - MENCIÓN DEL TÍTULO
Título La caverna de la Peña de Candamo, en la cuenca del Nalón (Asturias) /
Mención de responsabilidad, etc. José Manuel Gómez-Tabanera.
250 ## - MENCION DE EDICION
Mención de edición 2ª ed rev.
260 ## - PUBLICACIÓN, DISTRIBUCIÓN, ETC.
Lugar de publicación, distribución, etc. Oviedo :
Nombre del editor, distribuidor, etc. Publicaciones Didácticas de Extensión Cultural Universitaria,
Fecha de publicación, distribución, etc. [1979]
300 ## - DESCRIPCIÓN FÍSICA
Extensión 48 p. :
Otras características físicas il. ;
Dimensiones 17 cm.
490 1# - MENCIÓN DE SERIE
Mención de serie Publicaciones Didácticas del Departamento de Prehistoria y Arqueología ;
Designación de volumen o secuencia 1
510 3# - NOTA DE CITAS O REFERENCIAS BIBLIOGRÁFICAS
Nombre de la fuente Bibliografía: p. 9-10
650 #4 - PUNTO DE ACCESO ADICIONAL DE MATERIA--TÉRMINO DE MATERIA
Término de materia o nombre geográfico como elemento de entrada Arte prehistórico-
Subdivisión geográfica Asturias (Comunidad Autónoma)
9 (RLIN) 10271
651 #4 - PUNTO DE ACCESO ADICIONAL DE MATERIA--NOMBRE GEOGRÁFICO
Nombre geográfico Cueva de la Peña (Asturias)
9 (RLIN) 159309
830 00 - PUNTO DE ACCESO ADICIONAL DE SERIE-TÍTULO UNIFORME
Título uniforme Publicaciones didácticas del Departamento de Prehistoria y Arqueología
Designación de volumen o secuencia 1
9 (RLIN) 183423
852 ## - LOCALIZACIÓN
Ubicación ES-MaACL
Número de control de estantería 2102-F-16
Sublocalización o colección R.98691
Holdings
Estatus retirado Estado de pérdida Estado de daño No para préstamo Colección Biblioteca de origen Biblioteca actual Ubicación en estantería Fecha de adquisición Fuente de adquisición Total de préstamos Signatura topográfica completa Código de barras Visto por última vez Precio de reemplazo Tipo de ítem Koha
        Colección de folletos Biblioteca del Ateneo de Madrid Biblioteca del Ateneo de Madrid Depósito folletos 17/01/2008     2102-F-16 1077126 23/02/2023 23/02/2023 Folleto